000 00625nam a22002297a 4500
003 UA-OsUOA
001 32271
007 ta
008 20050128b un ||||| |||| 00| 0 ukr d
090 _a141.82+327
_bЛ45
942 _cBK
040 _aUA-OsUOA
_brus
_cUA-OsUOA
_dUA-OsUOA
245 _aЛенинская внешняя политика Советской страны
_b1917-1924
_cРед. М. А.Харламов А. Е.Иоффе
300 _a394 с.
955 _a0
041 _arus
080 _a141.82+327
260 _aМосква
_bНаука
_c1969
044 _aRU
650 7 _2UDC
999 _c318710
_d318710